00306nam a2200109 4500008004100000020001800041050002300059100002000082245001900102260005700121300001800178160805b xxu||||| |||| 00| 0 eng d a9780195735598 aPL 8704 .M6A4 2011 aMohamed, Said A aAmri ya wakati aNairobi :bOxford University Press (E.A) Ltd,c2011. a60p. :c18cm.